000 00494nam a2200157 i 4500
001 40756
003 ES-MaACL
005 20230906160313.0
007 t|
008 030307s1953 sp ||||1| cat d
100 1 _aCapmany, Aureli (
_d1868-1954)
_934863
245 1 4 _aLes enramades del Corpus de la Ciutat de Barcelona /
_cAurelio Capmany.
260 _aBarcelona :
_bDalmau y Jover,
_c1953 (
_fA.G. Rafael Salvá)
300 _a94 p. :
_bil. ;
_c18 cm.
852 _aES-MaACL
_j1957-F-8
_bR.34570
999 _c40756
_d40756